00217nam a2200109Ia 4500100001900000654001000019245002300029260002200052082001300074300000800087546001200095 aArgerich/Luis  aPHP 4 aProfessional PHP 4 bShroff Pub.c2002 a5.1bARG a975 aENGLISH